000
00313nam a22001337a 4500
008
190304b xxu||||| |||| 00| 0 eng d
020
_a
9780582016422
041
_a
eng
080
_a
616.073
100
_a
6
101
_a
GEN
245
_a
Introduction to Quantitative Genetics
_c
Falconer, D,S
942
_2
udc
_c
BK
999
_c
54437
_d
54437